000
00369nam a2200145Ia 4500
008
090124s9999 xx 000 0 und d
082
_b
301537
245
_a
इंद्रधनू
250
_a
1
260
_b
नरवणे सुधा
_c
1985
300
_a
162
630
_a
इंद्रधनू
730
_a
इंद्रधनू
942
_c
BOOK
999
_c
191112
_d
191112